000 01945nas a2200277Ia 4500
001 R050-S2044
003 IT-CnALBA
008 170116c99999999xx |||||||||||| ||und||
040 _aIT-CnALBA
_cIT-CnALBA
041 _aLATINO
100 _aPIO XII, PAPA PACELLI EUGENIO.
210 _aCOMMENTARIUM PRO RELIGIOSIS ET MISSIONARIIS
222 _aCOMMENTARIUM PRO RELIGIOSIS ET MISSIONARIIS
245 0 _aCOMMENTARIUM PRO RELIGIOSIS ET MISSIONARIIS. GENNAIO DICEMBRE 1956. VOL. XXXV.
250 _a1a ed.
260 _a ROMA
_bVATICANA - LIBR. EDITR. POLIGL.
_c1956 [1° Ed.:1956 - Ed.Ling.Originale: 1956]
300 _a408 p.
310 _aBIMESTRALE
362 _aFascicolo: 1-6 / Anno: 37 (1956)
500 _aLEGGE PROPRIA SULLA CONFEDERAZIONE BENEDETTINA. LETTERE. ATTI DELLE CONGREGAZIONI. ISTRUZIONE SULL'ETICA DELLA SITUAZIONE SUL SANTO ROSARIO. INDULGENZE PER L'OPERA DELLE VOCAZIONI. ATTI UFFICI. SPIEGAZIONE DEL CANONE 572. CONSULTAZIONI, GOYENECHE S. STUDI CANONICI. STUDI VARI. STATISTICHE DEI RELIGIOSI. SEZIONE MISSIONARIA. CENTRI MISSIONARI IN ITALIA. CARDINALI PROTETTORI. INCONTRO LAICI ORDINE DEI MINISTRI. BIBLIOGRAFIA. RIVISTA DEI RELIGIOSI E MISSIONARI EDITA DAI FIGLI DEL CUORE IMMACOLATO DI MARIA.
501 _aSocietà San Paolo EM - Piazza San Paolo, 14 - 12051 ALBA (CN) (non commercial uses only) ® Copyright 2017
520 _aLEGGE PROPRIA SULLA CONFEDERAZIONE BENEDETTINA. LETTERE. ATTI DELLE CONGREGAZIONI. ISTRUZIONE SULL'ETICA DELLA SITUAZIONE SUL SANTO ROSARIO. INDULGENZE PER L'OPERA DELLE VOCAZIONI. ATTI UFFICI. SPIEGAZIONE DEL CANONE 572. CONSULTAZIONI, GOYENECHE S. STUDI CANONICI. STUDI VARI. STATISTICHE DEI RELIGIOSI. SEZIONE MISSIONARIA. CENTRI MISSIONARI IN ITALIA. CARDINALI PROTETTORI. INCONTRO LAICI ORDINE DEI MINISTRI. BIBLIOGRAFIA. RIVISTA DEI RELIGIOSI E MISSIONARI EDITA DAI FIGLI DEL CUORE IMMACOLATO DI MARIA.
650 _aMISSIOLOGIA
942 _cCR
957 _71
999 _a63942
_bNO
_g1
_c330642
_d330642